Niên giám tài chính tiền tệ Việt Nam 2002 - 2003 = Vietnam monetary financial directory 2002 - 2003
Đã lưu trong:
| Hovedforfatter: | |
|---|---|
| Format: | Bog |
| Sprog: | Undetermined |
| Udgivet: |
H.
Tài Chính
2002
|
| Fag: | |
| Tags: |
Tilføj Tag
Ingen Tags, Vær først til at tagge denne postø!
|
| Thư viện lưu trữ: | Trung tâm Học liệu Trường Đại học Cần Thơ |
|---|
| LEADER | 00662nam a2200193Ia 4500 | ||
|---|---|---|---|
| 001 | CTU_54307 | ||
| 008 | 210402s9999 xx 000 0 und d | ||
| 020 | |b 285000 | ||
| 082 | |a 352.05974 | ||
| 082 | |b D513 | ||
| 100 | |a Trần Khánh Dũng | ||
| 245 | 0 | |a Niên giám tài chính tiền tệ Việt Nam 2002 - 2003 = Vietnam monetary financial directory 2002 - 2003 | |
| 245 | 0 | |c Trần Khánh Dũng và Nguyễn Ngọc Thanh | |
| 260 | |a H. | ||
| 260 | |b Tài Chính | ||
| 260 | |c 2002 | ||
| 650 | |a finance, public,financial institutions | ||
| 650 | |x management,management | ||
| 980 | |a Trung tâm Học liệu Trường Đại học Cần Thơ | ||